La extinción del contrato de trabajo y su jurisprudencia / (Record no. 131468)

MARC details
000 -LEADER
campo de control de longitud fija 00534nam a2200157 4500
001 - NÚMERO DE CONTROL
campo de control 131468
003 - IDENTIFICADOR DE NÚMERO DE CONTROL
campo de control ES-MaACL
007 - CAMPO FIJO DE DESCRIPCIÓN FÍSICA--INFORMACIÓN GENERAL
campo de control de longitud fija t|
008 - DATOS DE LONGITUD FIJA--INFORMACIÓN GENERAL
campo de control de longitud fija 070214s1984 sp r ||||1| spa d
100 1# - ENTRADA PRINCIPAL--NOMBRE DE PERSONA
Nombre de persona Rodríguez Devesa, Carlos.
9 (RLIN) 98491
245 13 - MENCIÓN DEL TÍTULO
Título La extinción del contrato de trabajo y su jurisprudencia /
Mención de responsabilidad, etc. Carlos Rodríguez Devesa, Juan Carlos Rodríguez Hergueta.
260 ## - PUBLICACIÓN, DISTRIBUCIÓN, ETC.
Lugar de publicación, distribución, etc. Pamplona :
Nombre del editor, distribuidor, etc. Aranzadi,
Fecha de publicación, distribución, etc. 1984.
300 ## - DESCRIPCIÓN FÍSICA
Extensión 890 p. ;
Dimensiones 20 cm.
700 1# - ENTRADA AGREGADA--NOMBRE PERSONAL
Nombre de persona Rodríguez Hergueta, Juan Carlos.
9 (RLIN) 98571
852 ## - LOCALIZACIÓN
Ubicación ES-MaACL
Número de control de estantería L-7506
Sublocalización o colección R.108049
Holdings
Estatus retirado Estado de pérdida Estado de daño No para préstamo Biblioteca de origen Biblioteca actual Ubicación en estantería Fecha de adquisición Fuente de adquisición Total de préstamos Signatura topográfica completa Código de barras Visto por última vez Precio de reemplazo Tipo de ítem Koha
        Biblioteca del Ateneo de Madrid Biblioteca del Ateneo de Madrid Depósito 2 17/01/2008     L-7506 1136867 23/02/2023 23/02/2023 Libro impreso